000 00959aam a2200349 4500
005 20250626145106.0
008 150522b2009 xxu||||| |||| 00| 0 spa d
020 _a9786071701060
041 _aESP
082 _a614.1 V297tr
100 _aVargas Alvarado, Eduardo
_916114
245 _aTraumatología forense
260 _aMéxico
260 _bTrillas
260 _c2009
300 _a352 páginas
490 _aInvestigación Criminal
650 _aTRAUMATOLOGÍA FORENSE
650 _aMEDICINA LEGAL
650 _aLESIONES
650 _aCONTUSIONES
650 _aCONTUSIONES CRANEOCEFÁLICAS
650 _aACCIDENTES DE TRÁNSITO
650 _aACCIDENTES DE TRÁNSITO AÉREO
650 _aASFIXIAS MECÁNICAS
650 _aHERIDAS POR ARMA BLANCA
650 _aHERIDAS POR ARMAS DE FUEGO
650 _aTRAUMAS ELÉCTRICOS
650 _aTRAUMA POR RADIACIÓN IONIZANTE
650 _aPRIVADO DE LIBERTAD
942 _cBK
_2ddc
999 _c2219
_d2219